Booba - Statistiques

Statistiques générales
  • Ce quiz a été pris 308 fois
  • Le résultat moyen est 13 sur 26
Statistiques - réponses
Hint Réponse % Correct
Nom Élie Yaffa
88%
Groupe dans lequel il a fait ses débuts Lunatic
76%
Album 1 Temps mort
69%
Avec qui Ali
67%
Album 3 Ouest Side
64%
Album 9 Trône
64%
Album 7 D.U.C
63%
Album 10 Ultra
63%
Son label actuel 92I
62%
Album 6 Futur
62%
Album 4 0.9
60%
Album 5 Lunatic
60%
Album 2 Panthéon
60%
Album 8 Nero Nemesis
58%
Le nom de leurs album Mauvais oeil
56%
Surnom 1 B2O
53%
Album 11 Ad vitam aeternam
47%
Artiste féminin qui l'a mis au devant de la scene Shay
47%
Artiste hors français qui l'a mis au devant de la scene Damso
43%
Surnom 2 Le duc de Boulogne
39%
Age 47 ans
31%
Artiste new gen qui l'a mis au devant de la scene Green montana
28%
Artiste qui a arreté le rap qui l'a mis au devant de la scene Siboy
23%
Son premier Label Tallac Records
21%
Sa musique la plus stream Médicament
19%
Artiste qui l'a mis au devant de la scene Kalash
8%
Aucun quiz correspondant
Distribution des résultats
% des personnes avec chaque résultat
Percentile par nombre de réponses
Votre historique - résultats
Vous n’avez pas pris ce quiz